skbl

Dr Suryya Kumar Bhuyan Library Web-OPAC
ডঃ সূৰ্য্য
কুমাৰ ভূঞা পুথিভঁৰাল ৱেব-অ'পেক

All Research Scholars are advised to clear the annual library fees to continue using Library Resources, Remote Access, Plagiarism Test and Library Clearance.

Cotton University Book Fair 2026

Assam: Land and People (Record no. 66954)

MARC details
000 -LEADER
fixed length control field 00576nam a2200205Ia 4500
001 - CONTROL NUMBER
control field 65861
008 - FIXED-LENGTH DATA ELEMENTS--GENERAL INFORMATION
fixed length control field 230203n ii |||gr||||Z||||||465
041 ## - LANGUAGE CODE
Language code of text/sound track or separate title 465
082 ## - DEWEY DECIMAL CLASSIFICATION NUMBER
Classification number 300.5409
100 ## - MAIN ENTRY--PERSONAL NAME
Personal name Deka, Hitesh.
245 #0 - TITLE STATEMENT
Title Assam: Land and People
Statement of responsibility, etc. By K C Das Commerce College
Medium Textual Documents
250 ## - EDITION STATEMENT
Edition statement First.
260 ## - PUBLICATION, DISTRIBUTION, ETC.
Place of publication, distribution, etc. Guwahati:
Name of publisher, distributor, etc. K C Das Commerce College,
Date of publication, distribution, etc. 2009.
300 ## - PHYSICAL DESCRIPTION
Extent 385pg:
Dimensions 35cm.
653 ## - INDEX TERM--UNCONTROLLED
Uncontrolled term Assam
653 ## - INDEX TERM--UNCONTROLLED
Uncontrolled term Assam: Land and People
653 ## - INDEX TERM--UNCONTROLLED
Uncontrolled term Socio Economic Aspects---Composite Life
653 ## - INDEX TERM--UNCONTROLLED
Uncontrolled term G-Reference Section
942 ## - ADDED ENTRY ELEMENTS (KOHA)
Source of classification or shelving scheme Dewey Decimal Classification
Koha item type Books
Holdings
Withdrawn status Lost status Damaged status Not for loan Collection Home library Current library Shelving location Date acquired Coded location qualifier Cost, normal purchase price Total checkouts Full call number Barcode Date last seen Copy number Price effective from Koha item type
          Dr. Suryya Kumar Bhuyan Library Dr. Suryya Kumar Bhuyan Library   03/02/2023 00000 3000.00   300.5409 Da 23 As 6474/gift 14/01/2024 1 03/02/2023 Books

Designed and Maintained by Team SKBL
©1901-2026

Powered by Koha